|
|
|
|
| LEADER |
00000nam0a2200000 4500 |
| 001 |
314968 |
| 005 |
20231102002730.0 |
| 035 |
|
|
|a (RuTPU)RU\TPU\book\340401
|
| 090 |
|
|
|a 314968
|
| 100 |
|
|
|a 20160222d1951 km y0rusy50 ca
|
| 101 |
0 |
|
|a rus
|
| 102 |
|
|
|a RU
|
| 105 |
|
|
|a a z 000zy
|
| 200 |
1 |
|
|a Водоснабжение фабрик и заводов
|f П. И. Пискунов
|
| 210 |
|
|
|a Москва
|c Госстройиздат
|d 1951
|
| 215 |
|
|
|a 109 с.
|c ил.
|
| 606 |
1 |
|
|a Водоснабжение промышленное
|2 stltpush
|3 (RuTPU)RU\TPU\subj\3041
|9 31505
|
| 610 |
1 |
|
|a промышленные предприятия
|
| 610 |
1 |
|
|a водопроводы
|
| 610 |
1 |
|
|a водоприемные сооружения
|
| 610 |
1 |
|
|a водоочистка
|
| 610 |
1 |
|
|a охлаждение
|
| 610 |
1 |
|
|a фильтрация
|
| 610 |
1 |
|
|a умягчение
|
| 610 |
1 |
|
|a оборотная вода
|
| 610 |
1 |
|
|a насосные станции
|
| 610 |
1 |
|
|a центробежные насосы
|
| 610 |
1 |
|
|a водопроводные сети
|
| 610 |
1 |
|
|a эксплуатация
|
| 675 |
|
|
|a 628.17
|v 4
|
| 700 |
|
1 |
|a Пискунов
|b П. И.
|g Павел Иванович
|
| 801 |
|
1 |
|a RU
|b 63413507
|c 20160222
|
| 801 |
|
2 |
|a RU
|b 63413507
|c 20200706
|g RCR
|
| 942 |
|
|
|c BK
|